000 00556nam a22001817a 4500
005 20231101084435.0
008 231101b |||||||| |||| 00| 0 eng d
020 _a0702145874
041 _aEnglish
082 _a346.7 KER
100 _aKernick, LA
_lEnglish
245 _aAdministration of Estates and Drafting of Wills /
_cLA Kernick
250 _aThird Edition
260 _aCape Town :
_bJuta and Company Ltd,
_c1998
300 _bvii, 346 pages ;
_c25, 5 cm.
650 _aLegal practice
_bLaw
942 _cBK
_6ALISON_BN_VRIES
999 _c209
_d209